Statistics for F1 Winners: US West GP

Click here to take the quiz!

General Stats

  • This quiz has been taken 110 times
  • The average score is 5 of 8

Answer Stats

SeasonTrackDriver% Correct
1982Long BeachNiki Lauda
98%
1980Long BeachNelson Piquet
84%
1977Long BeachMario Andretti
78%
1981Long BeachAlan Jones
69%
1978Long BeachCarlos Reutemann
53%
1979Long BeachGilles Villeneuve
52%
1983Long BeachJohn Watson
49%
1976Long BeachClay Regazzoni
43%

Score Distribution

Percentile by Number Answered

Percent of People with Each Score

Your Score History

You have not taken this quiz